| 000 | 00612nmm a2200193Ia 4500 | ||
|---|---|---|---|
| 008 | 251105s9999||||xx |||||||||||||||||und|| | ||
| 020 | _a9788490731178 | ||
| 041 | _aspa | ||
| 100 | _aAssaël , Jacqueline | ||
| 245 | 0 |
_aEn el espejo de la Palabra. Lectura de la Carta de Santiago : _b Cuaderno Bíblico 167 |
|
| 264 |
_a[Madrid, España] : _bEditorial Verbo Divino, _c2015 |
||
| 300 | _a60 páginas | ||
| 490 | _aCuadernos bíblicos | ||
| 650 | _aReligion(s) | ||
| 700 | _aAssaël , Jacqueline | ||
| 700 | 1 | _a Cuvillier , Élian | |
| 856 | _uhttps://public.digitaliapublishing.com/a/37906 | ||
| 942 | _cCF | ||
| 999 |
_c62195 _d62195 |
||